LEADER 04920nam 22007215 450 001 9910299429803321 005 20251202124405.0 010 $a94-017-9792-7 024 7 $a10.1007/978-94-017-9792-4 035 $a(CKB)3710000000402957 035 $a(EBL)2095520 035 $a(SSID)ssj0001501110 035 $a(PQKBManifestationID)11968000 035 $a(PQKBTitleCode)TC0001501110 035 $a(PQKBWorkID)11523369 035 $a(PQKB)11604767 035 $a(DE-He213)978-94-017-9792-4 035 $a(MiAaPQ)EBC2095520 035 $a(PPN)185487211 035 $a(MiAaPQ)EBC3110111 035 $a(EXLCZ)993710000000402957 100 $a20150424d2015 u| 0 101 0 $aeng 135 $aur|n|---||||| 181 $ctxt 182 $cc 183 $acr 200 14$aThe Great American Biotic Interchange $eA South American Perspective /$fby Alberto Luis Cione, Germán Mariano Gasparini, Esteban Soibelzon, Leopoldo Héctor Soibelzon, Eduardo Pedro Tonni 205 $a1st ed. 2015. 210 1$aDordrecht :$cSpringer Netherlands :$cImprint: Springer,$d2015. 215 $a1 online resource (106 p.) 225 1 $aSpringerBriefs in Earth System Sciences,$x2191-5903 300 $aDescription based upon print version of record. 311 08$a94-017-9791-9 320 $aIncludes bibliographical references and index. 327 $aThe history of the Great American Biotic Interchange concept -- Continents involved in the GABI -- Landbridges between previously isolated continents -- Chronology, Stratigraphy and Paleoclimatology of South America since Late Miocene to the Recent -- Objectives and hypothesis -- Methods -- Stratigraphic conceptual framework -- Taxonomic diversity: native, immigrant, and in situ differentiated taxa -- Paleoecology: body mass and diet estimations -- Analysis of Immigrant Mammal Fauna through the Diffferent Ages -- Huayquerian Age -- Montehermosan Age -- Chapadmalalan Age -- Marplatan Age -- Ensenadan Age -- Bonaerian Ag -- Lujanian Age -- Platan Age -- Discussion -- The GABI chronology and dynamics -- Integration of South American mammalian faunas: native and immigrant taxa coexisting -- Quaternary mammalian extinctions in South American Composition of recent mammalian fauna of South America. 330 $aSouth American ecosystems suffered one of the greatest biogeographical events, after the establishment of the Panamian land bridge, called the ?Great American Biotic Interchange? (GABI). This refers to the exchange, in several phases, of land mammals between the Americas; this event started during the late Miocene with the appearance of the Holartic Procyonidae (Huayquerian Age) in South America and continues today. The major phases of mammalian dispersal occurred from the Latest Pliocene (Marplatan Age) to the Late Pleistocene (Lujanian Age). The most important and richest localities of Late Miocene-Holocene fossil vertebrates of South America are those of the Pampean region of Argentina. There are also several Late Miocene and Pliocene localities in western Argentina and Bolivia. Other important fossils have been collected in localities of Pleistocene age outside Argentina: Tarija (Bolivia), karstic caves of Lagoa Santa and the recently explored caves of Tocantins (Brasil), Talara (Perú), La Carolina (Ecuador), Muaco (Venezuela), and Cueva del Milodon (Chile), among others. The book discusses basic information for interpreting the GABI such as taxonomic composition (incorporating the latest revisions) at classical and new localities for each stage addressing climate, environments, and time boundaries for each stage. It includes the chronology and dynamics of the GABI, the integration of South American mammalian faunas through time, the Quaternary mammalian extinctions and the composition of recent mammalian fauna of the continent. 410 0$aSpringerBriefs in Earth System Sciences,$x2191-5903 606 $aPaleontology 606 $aBiogeography 606 $aGeology 606 $aPaleontology 606 $aBiogeosciences 606 $aGeology 615 0$aPaleontology. 615 0$aBiogeography. 615 0$aGeology. 615 14$aPaleontology. 615 24$aBiogeosciences. 615 24$aGeology. 676 $a55 676 $a550 676 $a560 676 $a571.7 700 $aCione$b Alberto Luis$4aut$4http://id.loc.gov/vocabulary/relators/aut$01062812 702 $aGasparini$b Germa?n Mariano$4aut$4http://id.loc.gov/vocabulary/relators/aut 702 $aSoibelzon$b Esteban$4aut$4http://id.loc.gov/vocabulary/relators/aut 702 $aSoibelzon$b Leopoldo He?ctor$4aut$4http://id.loc.gov/vocabulary/relators/aut 702 $aTonni$b Eduardo Pedro$4aut$4http://id.loc.gov/vocabulary/relators/aut 906 $aBOOK 912 $a9910299429803321 996 $aThe Great American Biotic Interchange$92528641 997 $aUNINA